000 00265nam a2200109Ia 4500
008 190914s9999||||xx |||||||||||||| ||und||
100 _aDr. Doctor Abdulwahab
245 0 _aSarkari Idaroun Ki Islah
260 _aKarachi
_bAtlantis
_c2008
300 _a288
942 _cBK
999 _c8451
_d8451